[Event "Steinfurt Bezirksklasse 1314"]
[Site "Germany"]
[Date "2014.05.24"]
[Round "9.2"]
[White "Broeker, Sebastian"]
[Black "Lerch, Heinz"]
[Result "0-1"]
[WhiteElo "1423"]
[BlackElo "1413"]
[PlyCount "68"]
[EventDate "2013.10.05"]
[EventType "team-tourn"]
[EventRounds "9"]
[EventCountry "GER"]
[SourceTitle "EXT 2015"]
[Source "ChessBase"]
[SourceDate "2014.11.20"]
[SourceVersion "1"]
[SourceVersionDate "2014.11.20"]
[SourceQuality "1"]
[WhiteTeam "Nordwalde II"]
[BlackTeam "Saerbeck III"]
[WhiteTeamCountry "GER"]
[BlackTeamCountry "GER"]

1. d4 d5 2. c4 c6 3. Nc3 e6 4. Nf3 Nf6 5. Bf4 Nbd7 6. e3 Bb4 7. Bd3 Qa5 8. Qc2 dxc4 9. Bxc4 Nd5 10. Bxd5 exd5 11. 0-0 Nf6 12. Be5 Be7 13. Ng5 h6 14. Nh7 Qd8 15. Bxf6 gxf6 16. Nxf6+ Bxf6 17. Ne2 Be6 18. Nf4 Qe7 19. Nxe6 Qxe6 20. Rac1 Kd7 21. Qb3 Rab8 22. Rc2 Rhg8 23. f4 Be7 24. Rf3 Bd6 25. g3 Qe4 26. Kf2 f5 27. Rc1 Rg7 28. a3 Ke6 29. Qa4 a6 30. Qb3 h5 31. Rf1 h4 32. gxh4 Be7 33. Rc1 Bxh4+ 34. Ke2 Rg2+ 0-1

[Event "Steinfurt Bezirksklasse 1213"]
[Site "Germany"]
[Date "2013.05.25"]
[Round "9.4"]
[White "Lerch, Heinz"]
[Black "Overmeyer, Juergen"]
[Result "1/2-1/2"]
[WhiteElo "1375"]
[BlackElo "1559"]
[PlyCount "45"]
[EventDate "2012.09.29"]
[EventType "team-tourn"]
[EventRounds "9"]
[EventCountry "GER"]
[SourceTitle "EXT 2015"]
[Source "ChessBase"]
[SourceDate "2014.11.20"]
[SourceVersion "1"]
[SourceVersionDate "2014.11.20"]
[SourceQuality "1"]
[WhiteTeam "Saerbeck III"]
[BlackTeam "Emsdetten Rochade III"]
[WhiteTeamCountry "GER"]
[BlackTeamCountry "GER"]

1. d4 d5 2. c4 e6 3. Nc3 Nf6 4. Bg5 Be7 5. Nf3 0-0 6. e3 c6 7. Bd3 Nbd7 8. 0-0 Qc7 9. cxd5 exd5 10. Rc1 Bd6 11. Nb5 Qb8 12. Nxd6 Qxd6 13. Bf4 Qe7 14. Qc2 h6 15. Nd2 Nh5 16. Bg3 Nxg3 17. hxg3 Qd6 18. Nf3 Nf6 19. Nd2 Ng4 20. Bf5 Qf6 21. Bxc8 Raxc8 22. Nf3 Rfe8 23. Nh2 1/2-1/2

[Event "Steinfurt Bezirksklasse 1213"]
[Site "Germany"]
[Date "2012.12.01"]
[Round "3.4"]
[White "Pieper, David"]
[Black "Lerch, Heinz"]
[Result "1/2-1/2"]
[WhiteElo "1056"]
[BlackElo "1375"]
[PlyCount "38"]
[EventDate "2012.09.29"]
[EventType "team-tourn"]
[EventRounds "9"]
[EventCountry "GER"]
[SourceTitle "EXT 2015"]
[Source "ChessBase"]
[SourceDate "2014.11.20"]
[SourceVersion "1"]
[SourceVersionDate "2014.11.20"]
[SourceQuality "1"]
[WhiteTeam "Westerkappeln II"]
[BlackTeam "Saerbeck III"]
[WhiteTeamCountry "GER"]
[BlackTeamCountry "GER"]

1. c4 e6 2. e3 Nf6 3. Nc3 d5 4. b3 Nc6 5. Nf3 Be7 6. Bb2 0-0 7. Bd3 Nb4 8. Bb1 dxc4 9. bxc4 Nd3+ 10. Bxd3 Qxd3 11. Ne5 Qd8 12. 0-0 c6 13. h3 Bd6 14. Nf3 Qe7 15. Qb3 e5 16. d4 e4 17. Ne5 Nd7 18. Nxd7 Bxd7 19. c5 Bc7 1/2-1/2

[Event "Steinfurt Bezirksklasse 1112"]
[Site "Germany"]
[Date "2012.02.25"]
[Round "6.2"]
[White "Lerch, Heinz"]
[Black "Roewekamp, Andre"]
[Result "0-1"]
[WhiteElo "1413"]
[BlackElo "1413"]
[PlyCount "58"]
[EventDate "2011.09.24"]
[EventType "team-tourn"]
[EventRounds "9"]
[EventCountry "GER"]
[SourceTitle "EXT 2013"]
[Source "ChessBase"]
[SourceDate "2012.11.22"]
[SourceVersion "1"]
[SourceVersionDate "2012.11.22"]
[SourceQuality "1"]
[WhiteTeam "Saerbeck III"]
[BlackTeam "Reckenfeld II"]
[WhiteTeamCountry "GER"]
[BlackTeamCountry "GER"]

1. d4 d5 2. c4 Nf6 3. Nc3 b6 4. e3 Bb7 5. Nf3 e6 6. Be2 a6 7. cxd5 Nxd5 8. Bd2 Nb4 9. a3 Nd5 10. 0-0 Nc6 11. Qc2 Nce7 12. Rad1 Ng6 13. e4 Nf6 14. Bg5 Be7 15. Bc4 c6 16. Qe2 Qc7 17. d5 cxd5 18. exd5 exd5 19. Bxd5 0-0 20. Bxb7 Qxb7 21. Rfe1 h6 22. Bh4 Qc7 23. Bxf6 Bxf6 24. Nd5 Qc6 25. Nxf6+ Qxf6 26. h3 Nf4 27. Qe5 Nxh3+ 28. gxh3 Qxf3 29. Re3 Qxd1+ 0-1

[Event "Steinfurt Bezirksklasse 1011"]
[Site "Germany"]
[Date "2011.03.19"]
[Round "8.4"]
[White "Dunker, Felix"]
[Black "Lerch, Heinz"]
[Result "1/2-1/2"]
[WhiteElo "1220"]
[BlackElo "1477"]
[PlyCount "60"]
[EventDate "2010.09.25"]
[EventType "team-tourn"]
[EventRounds "9"]
[EventCountry "GER"]
[SourceTitle "EXT 2012"]
[Source "ChessBase"]
[SourceDate "2011.11.24"]
[SourceVersion "1"]
[SourceVersionDate "2011.11.24"]
[SourceQuality "1"]
[WhiteTeam "Emsdetten Turm IV"]
[BlackTeam "Saerbeck III"]
[WhiteTeamCountry "GER"]
[BlackTeamCountry "GER"]

1. e4 c6 2. d4 d5 3. e5 Bf5 4. Bd3 Bg6 5. Bf4 e6 6. Nc3 Bb4 7. a3 Ba5 8. Nf3 Nd7 9. Bxg6 hxg6 10. Ng5 Qe7 11. Qg4 Nh6 12. Qh3 0-0-0 13. b4 Bb6 14. Qd3 Nf5 15. Nf3 Rhg8 16. Na4 Nh4 17. Nxb6+ Nxb6 18. 0-0-0 Nxf3 19. Qxf3 Nc4 20. Qb3 b5 21. a4 Qb7 22. c3 a6 23. Kc2 Kd7 24. Ra1 Ra8 25. Ra2 Ra7 26. Rha1 Rga8 27. h4 Nb6 28. axb5 axb5 29. Ra5 Nc4 30. R5a2 Nb6 1/2-1/2

[Event "Steinfurt Bezirksliga 0607"]
[Site "Germany"]
[Date "2006.09.09"]
[Round "1.8"]
[White "Lerch, Heinz"]
[Black "Muhmann, Reinhard"]
[Result "1-0"]
[WhiteElo "1569"]
[BlackElo "1492"]
[PlyCount "123"]
[EventDate "2006.09.09"]
[EventType "team-tourn"]
[EventRounds "9"]
[EventCountry "GER"]
[SourceTitle "EXT 2008"]
[Source "ChessBase"]
[SourceDate "2007.11.25"]
[SourceVersion "1"]
[SourceVersionDate "2007.11.25"]
[SourceQuality "1"]
[WhiteTeam "Emsdetten Rochade II"]
[BlackTeam "Emsdetten Rochade III"]
[WhiteTeamCountry "GER"]
[BlackTeamCountry "GER"]

1. e4 e6 2. d4 d5 3. Nc3 Bb4 4. e5 Ne7 5. a3 Ba5 6. b4 Bb6 7. Bg5 a6 8. f4 Qd7 9. Nf3 h6 10. Bxe7 Qxe7 11. Qd2 0-0 12. Be2 f5 13. 0-0 Bd7 14. Kh1 Ba7 15. g3 Be8 16. Nd1 b5 17. Nf2 Nd7 18. Nh4 Nb6 19. c3 c6 20. Rg1 Rd8 21. Ng2 h5 22. Ne3 Nc4 23. Nxc4 bxc4 24. Nh3 g6 25. Ng5 Bf7 26. h3 Kg7 27. Rg2 Rh8 28. Kg1 Bb6 29. Kf2 a5 30. Rag1 axb4 31. axb4 Ra8 32. g4 hxg4 33. hxg4 Rh6 34. gxf5 exf5 35. Qe3 Re8 36. Qg3 Bd8 37. Rh2 Rxh2+ 38. Qxh2 Rh8 39. Qg2 Rh6 40. Rh1 Rxh1 41. Qxh1 Bg8 42. Qg2 Qe8 43. Qh3 Bxg5 44. fxg5 Kf7 45. Qh8 Kf8 46. Qf6+ Bf7 47. Qd6+ Kg8 48. Bf3 Qe6 49. Qd8+ Kg7 50. Qf6+ Qxf6 51. exf6+ Kf8 52. Ke3 Ke8 53. Kf4 Kd7 54. Ke5 Be6 55. Bd1 Bf7 56. Ba4 Kc7 57. b5 cxb5 58. Bxb5 Kb6 59. Bd7 Kc7 60. Be6 f4 61. Bxf7 f3 62. Bxd5 1-0

[Event "Steinfurt Bezirksklasse 0506"]
[Site "Germany"]
[Date "2006.01.28"]
[Round "5.6"]
[White "Lerch, Heinz"]
[Black "Sperling, Guenther"]
[Result "1-0"]
[WhiteElo "1569"]
[BlackElo "1186"]
[PlyCount "65"]
[EventDate "2005.09.10"]
[EventType "team-tourn"]
[EventRounds "7"]
[EventCountry "GER"]
[SourceTitle "EXT 2006"]
[Source "ChessBase"]
[SourceDate "2005.11.24"]
[SourceVersion "1"]
[SourceVersionDate "2005.11.24"]
[SourceQuality "1"]
[WhiteTeam "Emsdetten Rochade III"]
[BlackTeam "Reckenfeld II"]
[WhiteTeamCountry "GER"]
[BlackTeamCountry "GER"]

1. e4 e5 2. Nf3 d6 3. d4 exd4 4. Nxd4 c5 5. Bb5+ Bd7 6. Bxd7+ Qxd7 7. Nf3 Be7 8. 0-0 Nc6 9. Nc3 Nf6 10. Bf4 Rd8 11. Qe2 Nd4 12. Nxd4 cxd4 13. Nb5 a6 14. Nxd4 0-0 15. Rfd1 Qc8 16. Nf5 Rfe8 17. f3 Qe6 18. c4 Bf8 19. Rd2 g6 20. Ne3 Rd7 21. Rad1 Red8 22. Bg5 Be7 23. Bh4 Ne8 24. Bxe7 Qxe7 25. Nd5 Qf8 26. f4 f5 27. e5 dxe5 28. fxe5 Rg7 29. Nf6+ Nxf6 30. Rxd8 Ne8 31. e6 Re7 32. Qe5 Rc7 33. Rxe8 1-0

[Event "Steinfurt Bezirksliga 0405"]
[Site "Germany"]
[Date "2005.02.05"]
[Round "6.6"]
[White "Ottens, Josef"]
[Black "Lerch, Heinz"]
[Result "1/2-1/2"]
[WhiteElo "1507"]
[BlackElo "1526"]
[PlyCount "49"]
[EventDate "2004.09.25"]
[EventType "team-tourn"]
[EventRounds "11"]
[EventCountry "GER"]
[SourceTitle "EXT 2006"]
[Source "ChessBase"]
[SourceDate "2005.11.24"]
[SourceVersion "1"]
[SourceVersionDate "2005.11.24"]
[SourceQuality "1"]
[WhiteTeam "Steinfurt II"]
[BlackTeam "Emsdetten Rochade III"]
[WhiteTeamCountry "GER"]
[BlackTeamCountry "GER"]

1. Nc3 d5 2. d4 Nf6 3. g3 c6 4. Bg2 Bf5 5. Nf3 h6 6. 0-0 e6 7. a3 a5 8. Bf4 Nbd7 9. Nd2 Qb6 10. e4 dxe4 11. Nc4 Qd8 12. Nd6+ Bxd6 13. Bxd6 Nb6 14. Be5 Nbd5 15. Qe1 b5 16. Nxe4 Nxe4 17. Bxe4 Bxe4 18. Qxe4 0-0 19. c3 Qd7 20. Rfe1 Rae8 21. Bf4 Nxf4 22. Qxf4 Qd5 23. Rab1 Qf5 24. Rbc1 Qxf4 25. gxf4 1/2-1/2

[Event "Steinfurt Bezirksliga 0405"]
[Site "Germany"]
[Date "2005.01.15"]
[Round "5.7"]
[White "Lerch, Heinz"]
[Black "Greiling, Thorsten"]
[Result "1-0"]
[WhiteElo "1526"]
[BlackElo "1305"]
[PlyCount "81"]
[EventDate "2004.09.25"]
[EventType "team-tourn"]
[EventRounds "11"]
[EventCountry "GER"]
[SourceTitle "EXT 2006"]
[Source "ChessBase"]
[SourceDate "2005.11.24"]
[SourceVersion "1"]
[SourceVersionDate "2005.11.24"]
[SourceQuality "1"]
[WhiteTeam "Emsdetten Rochade III"]
[BlackTeam "Saerbeck III"]
[WhiteTeamCountry "GER"]
[BlackTeamCountry "GER"]

1. e4 e5 2. Nf3 Nc6 3. Bb5 Nf6 4. 0-0 Bc5 5. d3 d6 6. h3 h6 7. c3 0-0 8. a3 Bd7 9. Ba4 a5 10. d4 Bb6 11. Bc2 exd4 12. cxd4 Re8 13. Nc3 Re7 14. Bf4 Nh5 15. Bh2 Qe8 16. Nd5 Re6 17. Nxb6 cxb6 18. d5 Rg6 19. Nh4 Ne5 20. Nxg6 fxg6 21. f4 Nc4 22. Qd4 Bb5 23. Rf2 a4 24. Rd1 Rc8 25. e5 Qe7 26. g4 Nxf4 27. Bxf4 dxe5 28. Bxe5 Qxe5 29. Qxe5 Nxe5 30. Re1 Rxc2 31. Rxe5 Rc5 32. Rd2 Bc4 33. h4 Kf7 34. Rf2+ Kg8 35. Re8+ Kh7 36. g5 Bxd5 37. Rff8 Rc1+ 38. Kf2 Rc2+ 39. Ke3 Bg8 40. Rxg8 Rc3+ 41. bxc3 1-0

[Event "Steinfurt Bezirksliga 0405"]
[Site "Germany"]
[Date "2004.09.25"]
[Round "1.7"]
[White "Lerch, Heinz"]
[Black "Uhde, Herbert"]
[Result "1-0"]
[WhiteElo "1526"]
[BlackElo "1693"]
[PlyCount "63"]
[EventDate "2004.09.25"]
[EventType "team-tourn"]
[EventRounds "11"]
[EventCountry "GER"]
[SourceTitle "EXT 2006"]
[Source "ChessBase"]
[SourceDate "2005.11.24"]
[SourceVersion "1"]
[SourceVersionDate "2005.11.24"]
[SourceQuality "1"]
[WhiteTeam "Emsdetten Rochade III"]
[BlackTeam "Emsdetten Rochade II"]
[WhiteTeamCountry "GER"]
[BlackTeamCountry "GER"]

1. e4 e5 2. Nf3 Nf6 3. Nxe5 d5 4. exd5 Qxd5 5. Qe2 Be6 6. Nc3 Qa5 7. a3 Bd6 8. Nc4 Qc5 9. d3 0-0 10. Be3 Qc6 11. Nxd6 Qxd6 12. 0-0-0 a6 13. Ne4 Nxe4 14. dxe4 Qc6 15. f3 b5 16. Qf2 Nd7 17. Bd3 b4 18. axb4 Qa4 19. c3 Bb3 20. Kd2 Bxd1 21. Rxd1 Ne5 22. Ke1 Nxd3+ 23. Rxd3 Rfd8 24. Bd4 Qb5 25. Qg3 g6 26. Kd2 c5 27. bxc5 Qxb2+ 28. Ke3 Qc1+ 29. Rd2 Rxd4 30. cxd4 Qg1+ 31. Ke2 Rd8 32. Rd1 1-0

[Event "Steinfurt Bezirksliga 0304"]
[Site "Germany"]
[Date "2004.03.27"]
[Round "7.4"]
[White "Koetter, Volkmar"]
[Black "Lerch, Heinz"]
[Result "1/2-1/2"]
[WhiteElo "1759"]
[BlackElo "1557"]
[PlyCount "76"]
[EventDate "2003.10.18"]
[EventType "team-tourn"]
[EventRounds "9"]
[EventCountry "GER"]
[SourceTitle "EXT 2005"]
[Source "ChessBase"]
[SourceDate "2004.11.15"]
[SourceVersion "1"]
[SourceVersionDate "2004.11.15"]
[SourceQuality "1"]
[WhiteTeam "Westerkappeln"]
[BlackTeam "Emsdetten Rochade III"]
[WhiteTeamCountry "GER"]
[BlackTeamCountry "GER"]

1. e4 c5 2. Nc3 Nc6 3. g3 d6 4. Bg2 Nf6 5. f4 Bg4 6. Nf3 Nd4 7. 0-0 e6 8. d3 Be7 9. Ne2 Nxf3+ 10. Bxf3 Bxf3 11. Rxf3 Qc7 12. h3 h5 13. Be3 Nh7 14. Qd2 Rg8 15. f5 g5 16. fxe6 fxe6 17. Rf2 d5 18. exd5 exd5 19. d4 Nf6 20. dxc5 0-0-0 21. Qd3 Ne4 22. Rg2 Bxc5 23. Bxc5 Qxc5+ 24. Qd4 b6 25. g4 h4 26. Kh1 Rgf8 27. Kg1 Rf3 28. Qxc5+ bxc5 29. Rf1 Rdf8 30. Rxf3 Rxf3 31. Rh2 Nd2 32. Rf2 Rxf2 33. Kxf2 Ne4+ 34. Kf3 Kd7 35. Nc1 Kd6 36. Nd3 c4 37. Ne1 Ke5 38. c3 Nd2+ 1/2-1/2

[Event "Steinfurt Bezirksliga 0304"]
[Site "Germany"]
[Date "2003.12.20"]
[Round "3.4"]
[White "Limberg, Rudolf"]
[Black "Lerch, Heinz"]
[Result "1/2-1/2"]
[WhiteElo "1479"]
[BlackElo "1557"]
[PlyCount "91"]
[EventDate "2003.10.18"]
[EventType "team-tourn"]
[EventRounds "9"]
[EventCountry "GER"]
[SourceTitle "EXT 2005"]
[Source "ChessBase"]
[SourceDate "2004.11.15"]
[SourceVersion "1"]
[SourceVersionDate "2004.11.15"]
[SourceQuality "1"]
[WhiteTeam "Rheine SG"]
[BlackTeam "Emsdetten Rochade III"]
[WhiteTeamCountry "GER"]
[BlackTeamCountry "GER"]

1. e4 c5 2. Nf3 d6 3. Nc3 Nf6 4. d4 cxd4 5. Nxd4 a6 6. h3 e6 7. Nf3 Qc7 8. Bd3 Be7 9. Bf4 Nc6 10. Qd2 b5 11. a3 Bb7 12. 0-0 Rd8 13. Rfe1 Ne5 14. Nxe5 dxe5 15. Be3 Nxe4 16. Nxe4 Bxe4 17. f3 Bxd3 18. cxd3 Qd6 19. Rad1 Bh4 20. Rf1 0-0 21. Bg5 Bxg5 22. Qxg5 Qd4+ 23. Rf2 f5 24. Qd2 Rd7 25. Qc2 e4 26. Qc3 exd3 27. Qxd4 Rxd4 28. Rfd2 Rfd8 29. Kf2 e5 30. Rc1 Rc4 31. Rc3 e4 32. g3 Rdc8 33. Rb3 Re8 34. Ke3 Rc2 35. Rxc2 dxc2 36. Rc3 g6 37. Rxc2 Rd8 38. fxe4 Re8 39. Rc3 Rxe4+ 40. Kf3 Kf7 41. Rc7+ Re7 42. Rc6 Re6 43. Rc7+ Kg8 44. Rc8+ Kg7 45. Rc7+ Kg8 46. Rc8+ 1/2-1/2

[Event "Steinfurt Bezirksliga 0304"]
[Site "Germany"]
[Date "2003.10.18"]
[Round "1.4"]
[White "Lerch, Heinz"]
[Black "Richter, Michael2222"]
[Result "0-1"]
[WhiteElo "1557"]
[BlackElo "1631"]
[PlyCount "56"]
[EventDate "2003.10.18"]
[EventType "team-tourn"]
[EventRounds "9"]
[EventCountry "GER"]
[SourceTitle "EXT 2005"]
[Source "ChessBase"]
[SourceDate "2004.11.15"]
[SourceVersion "1"]
[SourceVersionDate "2004.11.15"]
[SourceQuality "1"]
[WhiteTeam "Emsdetten Rochade III"]
[BlackTeam "Reckenfeld"]
[WhiteTeamCountry "GER"]
[BlackTeamCountry "GER"]

1. e4 c5 2. Nf3 d6 3. d4 cxd4 4. Nxd4 Nf6 5. Nc3 a6 6. Be2 b5 7. a3 Bb7 8. Bf3 Nbd7 9. Bg5 e6 10. g3 Be7 11. 0-0 h6 12. Bd2 Qb6 13. Nb3 Ne5 14. Bg2 Nc4 15. Bc1 Rd8 16. Qe2 d5 17. exd5 Nxd5 18. Nxd5 Bxd5 19. Rd1 Bxg2 20. Rxd8+ Qxd8 21. Kxg2 Bf6 22. c3 0-0 23. Nd2 Qd5+ 24. Kg1 Rd8 25. Nf1 Ne5 26. Ne3 Qc6 27. Ng2 Nf3+ 28. Kh1 Qc4 0-1

[Event "Steinfurt Bezirksklasse 0203"]
[Site "Germany"]
[Date "2002.11.23"]
[Round "3.3"]
[White "Lerch, Heinz"]
[Black "Niedenzu, Gerhard"]
[Result "1/2-1/2"]
[WhiteElo "1576"]
[BlackElo "1458"]
[PlyCount "77"]
[EventDate "2002.09.28"]
[EventType "team-tourn"]
[EventRounds "7"]
[EventCountry "GER"]
[SourceTitle "EXT 2005"]
[Source "ChessBase"]
[SourceDate "2004.11.15"]
[SourceVersion "1"]
[SourceVersionDate "2004.11.15"]
[SourceQuality "1"]
[WhiteTeam "Emsdetten Rochade III"]
[BlackTeam "Ibbenbueren III"]
[WhiteTeamCountry "GER"]
[BlackTeamCountry "GER"]

1. e4 e5 2. Nf3 d6 3. d4 exd4 4. Nxd4 Nf6 5. Nc3 Bd7 6. Bc4 Nc6 7. Nf5 Ne7 8. Nxe7 Bxe7 9. 0-0 0-0 10. f3 h6 11. Be3 Bc6 12. Qd2 Re8 13. Rad1 a6 14. Ne2 b5 15. Bb3 Bf8 16. Nd4 Bd7 17. c3 Qc8 18. Qf2 Be7 19. g4 Nh7 20. Nf5 Bxf5 21. gxf5 Ng5 22. Qg2 Bf6 23. h4 Nh7 24. Bxh6 Qd8 25. Kh1 Re7 26. Rg1 Qf8 27. Rd2 Kh8 28. Bg5 Rae8 29. Qh3 Rd7 30. Rdg2 Qe7 31. Bxf6 Qxf6 32. Rxg7 Qxg7 33. Rxg7 Kxg7 34. Qg4+ Kh8 35. Qf4 Rg8 36. Qe3 c5 37. Bd5 Kg7 38. c4 b4 39. b3 1/2-1/2